Statistics for 15 surprising sports facts

Click here to take the quiz!

General Stats

  • This quiz has been taken 28 times
  • The average score is 9 of 15

Answer Stats

QuestionAnswer% Correct
Which country has won the most medals in the Winter Olympics?Norway
83%
Which team won the Premier League in 2015/16?Leicester City
79%
Which team finished second in that season?Tottenham Hotspur
79%
Which of these countries have won the World Cup twice?Uruguay
79%
Only two countries competed in this team event in the summer olympics in Stockholm in 1912. In which event?Tug of War
75%
Steven Bradbury won a very surprising gold medal in Short Track Speed Skating. In 2002. Which country did he represent when he won that gold medal?Australia
71%
Which of these very small countries have hosted the World Athletics Championship, UCI World Cycling Championship and World Handball Championship recently?Qatar
67%
Which of these rather small countries did USA loose against in the Olympic Basketball Tournament in 2004?Lithuania
58%
Which team won the Ice Hockey Tournament in the Olympics in 1980?USA
58%
Which team won the Basketball Tournament in the Olympics in 1972?Soviet Union
54%
Tadej Pogačar has won Tour de France two years in a row. Which country does he represent?Slovenia
46%
One of these countries have won the Olympic Ice Hockey Tournament. Which country?Great Britain
42%
Back to Miracle on Ice. The eventual winning team won in a very dramatic fashion in their last game against which team?Finland
38%
At the time, "Kings of football", England, finally joined the World Cup in 1950. They lost their second game game in that tournament. Arguably the biggest upset in Football/Soccer ever. Who beat them?USA
38%
One of the greatest, and most bizarre, happenings in the the Winter Olympics in Pyeongchang in 2018 was Ester Ledecká`s two gold medals in two very different events. Which two events?Super Giant Slalom and Parallel Giant Snowboard
25%

Score Distribution

Percentile by Number Answered

Percent of People with Each Score

Your Score History

You have not taken this quiz